| 000 | 00693nam a2200217Ia 4500 | ||
|---|---|---|---|
| 003 | GCL | ||
| 008 | 140319s9999 xx 000 0 ara d | ||
| 040 |
_aGCL / _cGCL |
||
| 082 | 0 | 4 |
_a658.3 _bع أ |
| 100 | 1 | _aعلى السلمى | |
| 245 | 1 | 0 |
_aادارة الموارد البشرية = HUMAN RESOURCES MANAGEMENT / _cعلى السلمى |
| 250 | _aالاولى | ||
| 300 |
_a454 ص ؛ _c24 سم |
||
| 490 |
_aمكتبة الادارة الجديدة _v0 |
||
| 650 | 0 | 4 | _aالعلاقات الانسانية |
| 650 | 0 | 4 | _aادارة الافراد |
| 650 | 0 | 4 | _aتقييم الوظائف |
| 650 | 0 | 4 | _aتحليل الوظائف |
| 650 | 0 | 4 | _aتقييم الاداء |
| 942 |
_2ddc _cBK |
||
| 999 |
_c5002 _d5002 |
||